[Event "Challenge"]
[Site "http://www.queenalice.com/game.php?id=324983"]
[Date "2007.12.24"]
[Round "-"]
[White "samurai007"]
[Black "dany"]
[Result "1-0"]
[WhiteElo "1440"]
[BlackElo "1291"]

1. e4 d5 2. exd5 Qxd5 3. Nc3 Qe5+ 4. Nge2 Nc6 5. f4 Qd6 6. Ne4 Qd8 7. d4 f5 8.
N4c3 Be6 9. Be3 Nf6 10. Ng3 Ng4 11. Qd2 g6 12. d5 Bxd5 13. Nxd5 1-0

[Event "Challenge"]
[Site "http://www.queenalice.com/game.php?id=351526"]
[Date "2008.2.9"]
[Round "-"]
[White "emilio2100"]
[Black "dany"]
[Result "1-0"]
[WhiteElo "1778"]
[BlackElo "1265"]

1. d4 d5 2. Nc3 Nf6 3. Bg5 h6 4. Bh4 Nc6 5. Nf3 g5 6. Bg3 e6 7. e3 Bb4 8. Bb5
Bd7 9. O-O a6 10. Bd3 a5 11. Bb5 O-O 12. Re1 Bxc3 13. bxc3 Ne4 14. Qd3 f5 15.
Bxc6 Bxc6 16. Ne5 h5 17. Nxc6 bxc6 18. f3 c5 19. fxe4 c4 20. Qd1 fxe4 21. Qxh5
Qe8 22. Qxg5+ Kf7 23. Rf1# 1-0

[Event "Challenge"]
[Site "http://www.queenalice.com/game.php?id=351528"]
[Date "2008.2.9"]
[Round "-"]
[White "dany"]
[Black "emilio2100"]
[Result "0-1"]
[WhiteElo "1261"]
[BlackElo "1793"]

1. e4 d5 2. exd5 e6 3. dxe6 Bxe6 4. Nc3 Nf6 5. Nf3 Bb4 6. a3 Ba5 7. b4 Bb6 8. d4
O-O 9. Bb5 c6 10. Ba4 Re8 11. O-O Bg4 12. h3 Bh5 13. g4 Bg6 14. Ne5 Bxd4 15. Bb2
Rxe5 16. Re1 Rxe1+ 17. Qxe1 b5 18. Bb3 Nbd7 19. Rd1 Ne5 20. Qd2 Nf3+ 21. Kg2
Nxd2 22. Rxd2 Qd6 23. Kf1 Qe5 0-1

[Event "Challenge"]
[Site "http://www.queenalice.com/game.php?id=362200"]
[Date "2008.2.27"]
[Round "-"]
[White "PAESLEME"]
[Black "dany"]
[Result "1-0"]
[WhiteElo "1162"]
[BlackElo "1259"]

1. e4 d5 2. e5 Nc6 3. d4 h6 4. Bb5 Bd7 5. Bxc6 Bxc6 6. Nf3 e6 7. O-O f6 8. b3
Ne7 9. Nh4 g5 10. Qh5+ Kd7 11. Ng6 Nxg6 12. Qxg6 Be7 13. Ba3 b5 14. Bxe7 Qxe7
15. exf6 Rhg8 16. Qxh6 Rh8 17. Qxg5 Rag8 18. Qxg8 Rxg8 19. fxe7 Kxe7 20. Nd2 b4
21. h4 Bb5 22. Rfe1 Rh8 23. g3 a5 24. f4 Kf6 25. Re5 c6 26. Rae1 a4 27. Rxe6+
Kf5 28. Kg2 a3 29. R1e5+ 1-0

[Event "Challenge"]
[Site "http://www.queenalice.com/game.php?id=362215"]
[Date "2008.2.27"]
[Round "-"]
[White "Mike36bh"]
[Black "dany"]
[Result "1-0"]
[WhiteElo "1744"]
[BlackElo "1263"]

1. d4 Nf6 2. d5 d6 3. Nc3 h6 4. e4 a6 5. h3 b5 6. Nf3 e5 7. Bd3 Be7 8. O-O O-O
9. Ne2 c5 10. c4 Bd7 11. cxb5 axb5 12. b3 Na6 13. Bd2 g5 14. a3 Nh5 15. Ne1 c4
16. bxc4 bxc4 17. Bxc4 Nf4 18. Bxf4 gxf4 19. Bxa6 Rxa6 20. Nc3 Qb8 21. Qh5 Bg5
22. Nf3 Bf6 23. Qxh6 Bg7 24. Qh5 f6 25. Nh4 Be8 26. Qg4 Bf7 27. Nf5 Rd8 28.
Qxg7# 1-0

[Event "Challenge 02"]
[Site "http://www.queenalice.com/game.php?id=371334"]
[Date "2008.3.15"]
[Round "-"]
[White "dany"]
[Black "PAESLEME"]
[Result "0-1"]
[WhiteElo "1259"]
[BlackElo "1380"]

1. e4 e5 2. Nf3 Nc6 3. Bc4 Bc5 4. a3 h6 5. b4 Bb6 6. Nc3 Nf6 7. d3 Ng4 8. O-O
O-O 9. h3 Nf6 10. Nh4 Nxe4 11. Nxe4 d5 12. Bxd5 Qxh4 13. c4 Nd4 14. c5 c6 15.
cxb6 cxd5 16. Nd2 Bxh3 17. gxh3 Qxh3 18. Bb2 f5 19. f3 Rf6 20. Kf2 Qh4+ 21. Ke3
f4# 0-1

[Event "Challenge"]
[Site "http://www.queenalice.com/game.php?id=376786"]
[Date "2008.3.25"]
[Round "-"]
[White "dany"]
[Black "iliov2008"]
[Result "0-1"]
[WhiteElo "1259"]
[BlackElo "1386"]

1. e4 d6 2. h3 e5 3. Nf3 Nf6 4. Bc4 Nxe4 5. d3 Nc5 6. b4 Ne6 7. O-O c5 8. bxc5
dxc5 9. Nxe5 Qd4 10. Bb5+ Kd8 11. Nc3 Qxe5 12. Bd2 a6 13. f4 Qd4+ 14. Kh2 axb5
15. Nxb5 Qd5 16. c4 Qf5 17. Qe2 Na6 18. g4 Qf6 19. g5 Qf5 20. Qe4 Qxe4 21. dxe4
Nb4 22. Bxb4 cxb4 23. f5 Nxg5 24. Rad1+ Bd7 25. Rd2 Nxe4 26. Rd4 Rxa2+ 27. Kh1
Ng3+ 28. Kg1 Nxf1 29. Kxf1 b3 30. Rd1 b2 31. Nc3 Ra1 32. Rxa1 bxa1=Q+ 0-1

[Event "Challenge/2"]
[Site "http://www.queenalice.com/game.php?id=382152"]
[Date "2008.4.4"]
[Round "-"]
[White "iliov2008"]
[Black "dany"]
[Result "0-1"]
[WhiteElo "1294"]
[BlackElo "1239"]

1. e3 d5 2. d4 a6 3. Nc3 Nf6 4. Nf3 Bf5 5. Bd3 e6 6. e4 dxe4 7. Bxe4 Qe7 8. Bxb7
Ra7 9. Bc8 Nc6 10. Ne5 Qd6 11. f4 Nxe5 12. fxe5 Qd8 13. exf6 Qxc8 14. fxg7 Bxg7
15. d5 c5 16. dxe6 Qxe6+ 17. Ne2 Rd7 18. Bd2 Bh6 19. Kf2 Bxd2 20. Nf4 Qe3+ 21.
Kf1 Qxf4+ 22. Ke2 Qe4+ 23. Kf2 Rg8 24. g3 Qe3+ 25. Kg2 Be4+ 26. Kh3 Rxg3+ 27.
hxg3 Bxh1 28. Qxh1 Qh6+ 29. Kg2 Re7 30. Kf2 Qxh1 31. Rxh1 Be3+ 32. Kf3 f5 33.
Rh5 h6 34. Rxf5 Re6 35. Rxc5 Bxc5 36. b3 Re3+ 37. Kf4 Re1 38. a4 Bd6+ 39. Kg4
Rc1 40. c4 Rb1 41. Kh5 Rxb3 42. g4 Rh3+ 43. Kg6 Bf8 44. c5 Rg3 45. Kh5 Bxc5 46.
Kh4 Bd6 47. a5 Ra3 48. Kh5 Rxa5+ 49. Kxh6 Bf4+ 50. Kg6 Rd5 51. Kf6 Rg5 0-1

[Event "Challenge"]
[Site "http://www.queenalice.com/game.php?id=382252"]
[Date "2008.4.4"]
[Round "-"]
[White "flaviovieira"]
[Black "dany"]
[Result "1-0"]
[WhiteElo "1686"]
[BlackElo "1248"]

1. e4 d5 2. e5 Nc6 3. d4 h6 4. Bb5 a6 5. Bxc6+ bxc6 6. Nf3 Rb8 7. O-O e6 8. Nc3
f6 9. Bf4 g5 10. Bg3 Rxb2 11. Na4 Rb4 12. Nc5 g4 13. Nh4 Ne7 14. exf6 Nf5 15.
Nxf5 Rg8 16. Ne3 Bd6 17. Bxd6 Qxd6 18. Nxg4 Rf8 19. Qd2 a5 20. c3 h5 21. cxb4
1-0

[Event "Challenge"]
[Site "http://www.queenalice.com/game.php?id=409304"]
[Date "2008.5.28"]
[Round "-"]
[White "dany"]
[Black "Aldino"]
[Result "0-1"]
[WhiteElo "1246"]
[BlackElo "1570"]

1. e4 e5 2. Nf3 d6 3. Bc4 h6 4. h3 Nf6 5. O-O Nxe4 6. Re1 Ng5 7. d3 Be7 8. h4
Nxf3+ 9. Qxf3 O-O 10. Nc3 Bxh4 11. g3 Be7 12. Nd5 c6 13. Nxe7+ Qxe7 14. Be3 Nd7
15. Re2 Qf6 16. Qg2 Nb6 17. Bb3 Be6 18. Rae1 Bxb3 19. axb3 Nd5 20. g4 Nxe3 21.
Rxe3 Rfe8 22. c3 Re6 23. d4 Rae8 24. d5 cxd5 25. Qxd5 b6 26. c4 Qf4 27. Re4 Qg5
28. f3 Qf6 29. b4 Qxf3 30. Rd1 Qg3+ 31. Kf1 Rf6+ 32. Ke2 Qf2+ 33. Kd3 Rf3+ 34.
Re3 Rxe3# 0-1

[Event "Vai gata?!"]
[Site "http://www.queenalice.com/game.php?id=414512"]
[Date "2008.6.7"]
[Round "-"]
[White "VSB"]
[Black "dany"]
[Result "1-0"]
[WhiteElo "1428"]
[BlackElo "1243"]

1. e4 d5 2. c3 a6 3. e5 g6 4. d4 h6 5. Qa4+ b5 6. Qb4 e6 7. Qb3 Nc6 8. Bxb5 axb5
9. Qxb5 Bd7 10. a4 Na5 11. Qd3 Nb3 12. Ra3 Nxc1 13. Qc2 Bxa3 14. bxa3 Bxa4 15.
Qxc1 Ne7 16. g4 Nc6 17. h4 Na5 18. Ne2 Nb3 19. Qb2 Rb8 20. Qc2 Qd7 21. Qb2 Ke7
22. Rh3 Rb7 23. Nd2 Rhb8 24. c4 Nxd2 25. Qxd2 Rb1+ 26. Nc1 R8b2 27. Qxh6 dxc4
28. h5 Qb5 29. Kf1 c3+ 30. Kg2 Rc2 31. Nd3 Qxd3 32. Rxd3 Rcc1 33. Rf3 Rg1+ 34.
Kh3 Bd1 35. Qg5+ Kf8 36. Qd8+ Kg7 37. Qf6+ Kf8 38. Qxf7# 1-0

[Event "Challenge"]
[Site "http://www.queenalice.com/game.php?id=415322"]
[Date "2008.6.9"]
[Round "-"]
[White "ZUMBI"]
[Black "dany"]
[Result "1-0"]
[WhiteElo "1690"]
[BlackElo "1243"]

1. e4 d5 2. Nc3 Nc6 3. exd5 Nd4 4. Nf3 Nxf3+ 5. Qxf3 Nf6 6. Bc4 e5 7. O-O b5 8.
d6 cxd6 9. Qxa8 bxc4 10. Qxa7 Bd7 11. Re1 Ke7 12. d4 d5 13. Rxe5+ Kd6 14. Qc5#
1-0

[Event "Challenge"]
[Site "http://www.queenalice.com/game.php?id=415323"]
[Date "2008.6.9"]
[Round "-"]
[White "dany"]
[Black "ZUMBI"]
[Result "0-1"]
[WhiteElo "1241"]
[BlackElo "1686"]

1. e4 e5 2. Nf3 Nc6 3. Nc3 Nf6 4. a3 Bc5 5. b4 Bb6 6. d3 O-O 7. h3 d5 8. Nxd5
Nxd5 9. exd5 Qxd5 10. Ng5 Bd4 11. Rb1 h6 12. Nf3 Re8 13. Be3 e4 14. Nxd4 Nxd4
15. g4 exd3 16. Qxd3 Qxh1 17. Qxd4 Bd7 18. f3 Qxf3 19. Qxd7 Rxe3+ 20. Kd2 Qf2+
21. Be2 Qxe2+ 22. Kc1 Rxa3 23. Qxc7 Ra2 24. Qxb7 Qxc2# 0-1

[Event "Challenge"]
[Site "http://www.queenalice.com/game.php?id=416068"]
[Date "2008.6.11"]
[Round "-"]
[White "dany"]
[Black "gilsinho22"]
[Result "0-1"]
[WhiteElo "1257"]
[BlackElo "1565"]

1. e4 e5 2. Nf3 Nf6 3. Bc4 Bc5 4. Nc3 a6 5. a3 b5 6. Bd3 Ng4 7. O-O Nxf2 8. Qe1
Nxd3+ 9. Kh1 Nxe1 10. Rxe1 Nc6 11. b4 Be7 12. Nd5 Nd4 13. Nxe5 Nxc2 14. Ra2 Nxe1
15. Bb2 f6 16. Ng4 c6 17. Nxe7 Qxe7 18. d3 Nxd3 19. Ba1 Qe6 20. Rd2 Qxe4 21. h3
Qe1+ 0-1

[Event "Challenge"]
[Site "http://www.queenalice.com/game.php?id=438745"]
[Date "2008.7.25"]
[Round "-"]
[White "Mike36bh"]
[Black "dany"]
[Result "1-0"]
[WhiteElo "1864"]
[BlackElo "1253"]

1. d4 d5 2. Nc3 Bf5 3. Bf4 Nf6 4. Nf3 h6 5. h3 g5 6. Be5 Nc6 7. e3 Bg7 8. Bb5
Qd7 9. Bxc6 Qxc6 10. O-O O-O 11. Bxf6 1-0

[Event "Challenge"]
[Site "http://www.queenalice.com/game.php?id=660534"]
[Date "2009.9.30"]
[Round "-"]
[White "maizinha"]
[Black "dany"]
[Result "1-0"]
[WhiteElo "1478"]
[BlackElo "1233"]

1. e4 d5 2. d3 Nc6 3. exd5 Qxd5 4. Nc3 Qe5+ 5. Nge2 Bg4 6. f3 Bh5 7. g4 Bg6 8.
Bf4 Qe6 9. Bxc7 Nf6 10. Bh3 Kd7 11. Bf4 Nd4 12. g5 Qxh3 13. gxf6 Nxf3+ 14. Kf2
gxf6 15. Qf1 Bf5 16. Qxh3 Bxh3 17. Kxf3 e5 18. Be3 b6 19. Ng1 Be6 20. Ne4 h5 21.
Nxf6+ Ke7 22. Bg5 Rc8 23. c4 Bg7 24. Ne4+ f6 25. Be3 Rhd8 26. Rd1 f5 27. Ng5 Bg8
28. Bd2 Rd4 29. Ke3 f4+ 30. Kf3 Rxd3+ 31. Ke2 Bxc4 32. Bb4+ Kf6 33. Rxd3 b5 34.
N1h3 Bf8 35. b3 Bxb4 36. bxc4 bxc4 37. Rd7 c3 38. Rc1 c2 39. Rxa7 Kf5 40. a3 Bc5
41. Rxc2 e4 42. Rxc5+ Rxc5 43. Ra4 Rc2+ 44. Kf1 Rxh2 45. Ra5+ Kg4 46. Ra4 e3 47.
Rxf4+ Kg3 48. Re4 h4 49. Rxe3+ Kg4 50. Kg1 1-0